600 essential words for the toeic test : Test for English for international Communication
Saved in:
| Main Author: | |
|---|---|
| Format: | Sách |
| Language: | Undetermined |
| Published: |
Trẻ
2008
|
| Subjects: | |
| Tags: |
Add Tag
No Tags, Be the first to tag this record!
|
| Institutions: | Trung tâm Thư viện - Trường Đại học Công nghiệp TP. Hồ Chí Minh |
|---|
| LEADER | 00504nam a2200157Ia 4500 | ||
|---|---|---|---|
| 001 | UIH_06942 | ||
| 008 | 231011s9999 xx 000 0 und d | ||
| 082 | |a 428 | ||
| 100 | |a Lougheed, Dr.Lin | ||
| 245 | 0 | |a 600 essential words for the toeic test : Test for English for international Communication | |
| 245 | 0 | |c Lougheed, Dr.Lin | |
| 260 | |b Trẻ | ||
| 260 | |c 2008 | ||
| 650 | |a ; | ||
| 927 | |a Sách | ||
| 980 | |a Trung tâm Thư viện - Trường Đại học Công nghiệp TP. Hồ Chí Minh | ||